000 00292nam a22001337a 4500
008 180307b xxu||||| |||| 00| 0 eng d
020 _a9780966886849
041 _aeng
080 _a33
100 _a58
101 _aBIZ
245 _aThe conscious entrepreneur
_cErnst,R
942 _2udc
_cBK
999 _c44306
_d44306